strategic marketing case book/ (Record no. 2789)

000 -LEADER
fixed length control field 00863pam a2200277 a 4500
001 - CONTROL NUMBER
control field 2504042
003 - CONTROL NUMBER IDENTIFIER
control field OSt
005 - DATE AND TIME OF LATEST TRANSACTION
control field 20160817164614.0
008 - FIXED-LENGTH DATA ELEMENTS--GENERAL INFORMATION
fixed length control field 920513s1993 njuab b 000 0 eng
010 ## - LIBRARY OF CONGRESS CONTROL NUMBER
LC control number 92017671
020 ## - INTERNATIONAL STANDARD BOOK NUMBER
International Standard Book Number 9780733989735
040 ## - CATALOGING SOURCE
Original cataloging agency DLC
Transcribing agency DLC
Modifying agency DLC
050 00 - LIBRARY OF CONGRESS CALL NUMBER
Classification number HF5415.135.S77 2007
082 00 - DEWEY DECIMAL CLASSIFICATION NUMBER
Classification number 658.8/02
Edition number 20
110 ## - MAIN ENTRY--CORPORATE NAME
Corporate name or jurisdiction name as entry element Havard business school
245 00 - TITLE STATEMENT
Title strategic marketing case book/
Statement of responsibility, etc Havard Business school.
250 ## - EDITION STATEMENT
Edition statement 2nd ed.
260 ## - PUBLICATION, DISTRIBUTION, ETC. (IMPRINT)
Place of publication, distribution, etc sydney
Name of publisher, distributor, etc Pearson education
Date of publication, distribution, etc c2007.
300 ## - PHYSICAL DESCRIPTION
Extent various:
Other physical details ill ;
Dimensions 28 cm.
650 #0 - SUBJECT ADDED ENTRY--TOPICAL TERM
Topical term or geographic name as entry element Marketing
General subdivision strategic marketing
650 #0 - SUBJECT ADDED ENTRY--TOPICAL TERM
Topical term or geographic name as entry element Marketing
General subdivision Strategic marketing
710 ## - ADDED ENTRY--CORPORATE NAME
Corporate name or jurisdiction name as entry element Havard business school
906 ## - LOCAL DATA ELEMENT F, LDF (RLIN)
a 7
b cbc
c orignew
d 1
e ocip
f 19
g y-gencatlg
942 ## - ADDED ENTRY ELEMENTS (KOHA)
Source of classification or shelving scheme
Koha item type Book
Holdings
Withdrawn status Lost status Source of classification or shelving scheme Damaged status Not for loan Home library Current library Shelving location Date acquired Total Checkouts Full call number Barcode Date last seen Copy number Price effective from Koha item type
          Riara University Library Riara University Library General stack 17/08/2016   HF5415.135.S77 2007 7374/16 17/08/2016 C.1 17/08/2016 Book

Riara University Library,
P.O. Box 49940-00100,
Nairobi, Kenya.